000 00904nam a2200265 a 4500
001 BRL_379
005 20190320210719.0
008 050813s1963----u--o######---#000-0#eng-#
041 _aspa
_heng
044 _au
050 4 _aF1219.3.A7
_b.W47 1963
100 1 _aWestheim, Paul
_96016
245 1 0 _aThe sculpture of Ancient Mexico
_bLa escultura del México Antiguo.
_cPaul Westheim ; Translated from Spanish into English by Ursula Bernard; translated into Spanish from the original German by Mariana Frank.
260 _aGarden City, N.Y.
_bDoubleday
_c1963
300 _a69 p.
_b96 il.
_c19 cm.
500 _aAu371
500 _aTexto en: inglés y español.
650 1 4 _aEscultura
_zMéxico
_93562
650 1 4 _aArte indígena
_zMéxico
_9597
651 4 _aMéxico
_xAntigüedades
_92765
700 1 _aUrsula Bernard.
_923713
700 1 _aMariana Frank.
_923714
902 _aGRL
942 _2lcc
_cB
999 _c9192
_d9192